<?xml version="1.0" encoding="UTF-8"?>
<record
    xmlns:xsi="http://www.w3.org/2001/XMLSchema-instance"
    xsi:schemaLocation="http://www.loc.gov/MARC21/slim http://www.loc.gov/standards/marcxml/schema/MARC21slim.xsd"
    xmlns="http://www.loc.gov/MARC21/slim">

  <leader>00476nam a2200169Ia 4500</leader>
  <datafield tag="999" ind1=" " ind2=" ">
    <subfield code="c">1200</subfield>
    <subfield code="d">1200</subfield>
  </datafield>
  <controlfield tag="003">OSt0</controlfield>
  <controlfield tag="005">20210907135644.0</controlfield>
  <controlfield tag="008">180412s9999||||xx |||||||||||||| ||und||</controlfield>
  <datafield tag="020" ind1=" " ind2=" ">
    <subfield code="a">6830748938</subfield>
  </datafield>
  <datafield tag="040" ind1=" " ind2=" ">
    <subfield code="a">NG-ZaABU</subfield>
    <subfield code="c">0</subfield>
  </datafield>
  <datafield tag="050" ind1=" " ind2=" ">
    <subfield code="a">QM 601 Sad</subfield>
    <subfield code="b">00507104</subfield>
  </datafield>
  <datafield tag="100" ind1=" " ind2=" ">
    <subfield code="a">SADLER, T. W.</subfield>
  </datafield>
  <datafield tag="245" ind1=" " ind2="0">
    <subfield code="a">Langman's medical embryology.</subfield>
    <subfield code="c">by T. W. Sadler.</subfield>
    <subfield code="h">(Text)</subfield>
  </datafield>
  <datafield tag="250" ind1=" " ind2=" ">
    <subfield code="a">\\</subfield>
    <subfield code="a">6th</subfield>
  </datafield>
  <datafield tag="260" ind1=" " ind2=" ">
    <subfield code="a">Baltimore:</subfield>
    <subfield code="b">Wolter Kluwer,</subfield>
    <subfield code="c">2015</subfield>
  </datafield>
  <datafield tag="300" ind1=" " ind2=" ">
    <subfield code="a">407p.: ill.</subfield>
  </datafield>
  <datafield tag="500" ind1=" " ind2=" ">
    <subfield code="a">Includes index</subfield>
  </datafield>
  <datafield tag="942" ind1=" " ind2=" ">
    <subfield code="2">lcc</subfield>
    <subfield code="c">BK</subfield>
    <subfield code="h">601 </subfield>
    <subfield code="k">QM </subfield>
    <subfield code="m"> Sad</subfield>
  </datafield>
  <datafield tag="952" ind1=" " ind2=" ">
    <subfield code="0">0</subfield>
    <subfield code="1">0</subfield>
    <subfield code="2">ddc</subfield>
    <subfield code="4">0</subfield>
    <subfield code="7">0</subfield>
    <subfield code="a">KIL</subfield>
    <subfield code="b">KIL</subfield>
    <subfield code="c">CIR</subfield>
    <subfield code="d">2021-09-07</subfield>
    <subfield code="l">0</subfield>
    <subfield code="o">QM 601 Sad</subfield>
    <subfield code="p">30005107821996</subfield>
    <subfield code="r">2021-09-07 00:00:00</subfield>
    <subfield code="w">2021-09-07</subfield>
    <subfield code="y">BK</subfield>
  </datafield>
</record>
